000 00753nam a2200241 i 4500
001 bg
100 1 _aGARBACIK, Andrzej
245 1 0 _aNew aspects of modelling of fluid power control /
_cAndrzej Garbacik, Kazimierz Szewczyk.
260 _aWrocław [i in.] :
_bZakład Nar. im. Ossolińskich,
_c1995.
300 _a130 s. :
_brys., wykr. ;
_c24 cm.
504 _aBibliogr. s. 121-130.
650 9 _aGrafy
_xstosowanie
_xtechnika
650 9 _aModele matematyczne
_xstosowanie
_xtechnika
650 9 _aNapęd hydrauliczny
_xteoria
700 1 _aSZEWCZYK, Kazimierz
020 _a830404286X
040 _cBPK
041 0 _aen
_bpl
_gpl
080 _a62-82:51
920 _a83-04-04286-X
942 _cKS
008 s pl f |000 0 pol
999 _c30453
_d30453
856 _uhttp://koha.tu.koszalin.pl/cgi-bin/koha/opac-detail.pl?biblionumber=30453
_yKatalog online BPK